Histoire de la medicine / (Record no. 42139)

MARC details
000 -LEADER
campo de control de longitud fija 00610nam a2200205 i 4500
001 - NÚMERO DE CONTROL
campo de control 42139
003 - IDENTIFICADOR DE NÚMERO DE CONTROL
campo de control ES-MaACL
005 - FECHA Y HORA DE LA ÚLTIMA TRANSACCIÓN
campo de control 20250714235853.0
007 - CAMPO FIJO DE DESCRIPCIÓN FÍSICA--INFORMACIÓN GENERAL
campo de control de longitud fija t|
008 - DATOS DE LONGITUD FIJA--INFORMACIÓN GENERAL
campo de control de longitud fija 030312s1931 fr ||||1| fre d
100 1# - ENTRADA PRINCIPAL--NOMBRE DE PERSONA
Nombre de persona Castiglioni, Arturo.
9 (RLIN) 36637
245 10 - MENCIÓN DEL TÍTULO
Título Histoire de la medicine /
Mención de responsabilidad, etc. Arturo Castiglioni ; traduction par J. Bertrand et F. Gidon.
260 ## - PUBLICACIÓN, DISTRIBUCIÓN, ETC.
Lugar de publicación, distribución, etc. Paris :
Nombre del editor, distribuidor, etc. [Lille A. Taffin Lefort],
Fecha de publicación, distribución, etc. 1931.
300 ## - DESCRIPCIÓN FÍSICA
Extensión 781 p. ;
Dimensiones 25 cm.
650 04 - PUNTO DE ACCESO ADICIONAL DE MATERIA--TÉRMINO DE MATERIA
Término de materia o nombre geográfico como elemento de entrada Medicina-
Subdivisión de forma Historia
9 (RLIN) 14907
700 1# - ENTRADA AGREGADA--NOMBRE PERSONAL
Nombre de persona Bertrand, J.
9 (RLIN) 28528
700 0# - ENTRADA AGREGADA--NOMBRE PERSONAL
Nombre de persona Gidon, F.
9 (RLIN) 56679
852 ## - LOCALIZACIÓN
Ubicación ES-MaACL
Número de control de estantería E-1328
Holdings
Estatus retirado Estado de pérdida Estado de daño No para préstamo Biblioteca de origen Biblioteca actual Ubicación en estantería Fecha de adquisición Fuente de adquisición Total de préstamos Signatura topográfica completa Código de barras Visto por última vez Precio de reemplazo Tipo de ítem Koha
        Biblioteca del Ateneo de Madrid Biblioteca del Ateneo de Madrid Depósito 2 17/01/2008     E-1328 1044351 23/02/2023 23/02/2023 Libro impreso